00897cam a2200253 a 45000010009000000050017000090080041000260100017000670200015000840400013000990420010001120430012001220500025001340820023001591000027001822450121002092500012003302600086003423000029004285040051004575200084005086510033005927000018006251390418820211206184509.0050318s2005 pk a b 001 0 eng  a 2005307287 a0975586017 aDLCcDLC alcode aa-pk---00aDS383.5.A2bK53 2005 a327.549100922bYAQ1 aKhan, Sahabzada Yaqub.10aStrategy, diplomacy, humanity :blife and work of Sahabzada Yaqub-Khan /ccompiled, edited, introduced by Anwar Dil. a1st ed. aIslamabad ; San Diego :bInternational Forum Takshila Research University,c2005. a396 p. :bill. ;c27 cm. aIncludes bibliographical references and index. aLectures of an ex-Foreign Minister of Pakistan; includes his brief life sketch. 0aPakistanxForeign relations.1 aDil, Anwar S.